Turbulence (Record no. 5373)

000 -LEADER
fixed length control field 00511nam a2200205 i 4500
001 - CONTROL NUMBER
control field 5373
003 - CONTROL NUMBER IDENTIFIER
control field BD-DhUET
008 - FIXED-LENGTH DATA ELEMENTS--GENERAL INFORMATION
fixed length control field 750220s1975 nyua b 001 0 eng
020 ## - INTERNATIONAL STANDARD BOOK NUMBER
International Standard Book Number 0070290377
040 ## - CATALOGING SOURCE
Original cataloging agency DLC
Transcribing agency DLC
Modifying agency BD-DhUET
082 00 - DEWEY DECIMAL CLASSIFICATION NUMBER
Classification number 532.56
Item number HIN/1975
100 1# - MAIN ENTRY--PERSONAL NAME
Personal name Hinze, J. O.
245 00 - TITLE STATEMENT
Title Turbulence
250 ## - EDITION STATEMENT
Edition statement 2nd ed.
260 ## - PUBLICATION, DISTRIBUTION, ETC. (IMPRINT)
Place of publication, distribution, etc. New York
Name of publisher, distributor, etc. McGraw-Hill
Date of publication, distribution, etc. 1975
300 ## - PHYSICAL DESCRIPTION
Extent x,790p.
Other physical details ill.
Dimensions 24 cm.
490 0# - SERIES STATEMENT
Series statement McGraw-Hill series in mechanical engineering
650 #0 - SUBJECT ADDED ENTRY--TOPICAL TERM
Topical term or geographic name as entry element Turbulence
942 ## - ADDED ENTRY ELEMENTS (KOHA)
Koha item type General Book
Holdings
Koha issues (times borrowed) Sublocation or collection (holding branch) Location (home branch) Date acquired Copy number Withdrawn status Koha date last seen Lost status Shelving location Piece designation (barcode) Source of classification or shelving scheme Damaged status Not for loan Koha date last borrowed Price effective from Koha normalized classification for sorting Koha full call number Koha item type
 Central Library, BUETCentral Library, BUET2014-11-261 2014-11-26 Circulation section63813    2014-11-26532_560000000000000_HIN_1975532.56/HIN/1975General Book
 Central Library, BUETCentral Library, BUET2014-11-262 2014-11-26 Circulation section63816    2014-11-26532_560000000000000_HIN_1975532.56/HIN/1975General Book
 Central Library, BUETCentral Library, BUET2014-12-073 2014-12-07 Circulation section44334    2014-12-07532_560000000000000_HIN_1975532.56/HIN/1975General Book
 Central Library, BUETCentral Library, BUET2014-12-074 2014-12-07 Circulation section63807    2014-12-07532_560000000000000_HIN_1975532.56/HIN/1975General Book
1Central Library, BUETCentral Library, BUET2014-12-075 2015-03-29 Circulation section63812   2015-03-252014-12-07532_560000000000000_HIN_1975532.56/HIN/1975General Book
 Central Library, BUETCentral Library, BUET2014-12-076 2014-12-07 Circulation section63805    2014-12-07532_560000000000000_HIN_1975532.56/HIN/1975General Book
 Central Library, BUETCentral Library, BUET2014-12-077 2014-12-07 Circulation section63810    2014-12-07532_560000000000000_HIN_1975532.56/HIN/1975General Book
 Central Library, BUETCentral Library, BUET2014-12-078 2014-12-07 Circulation section63808    2014-12-07532_560000000000000_HIN_1975532.56/HIN/1975General Book
 Central Library, BUETCentral Library, BUET2014-12-079 2014-12-07 Circulation section63809    2014-12-07532_560000000000000_HIN_1975532.56/HIN/1975General Book
1Central Library, BUETCentral Library, BUET2014-12-0710 2023-02-28 Circulation section63806   2022-11-142014-12-07532_560000000000000_HIN_1975532.56/HIN/1975General Book
1Central Library, BUETCentral Library, BUET2014-12-0711 2015-09-14 Circulation section63815   2015-05-262014-12-07532_560000000000000_HIN_1975532.56/HIN/1975General Book
 Central Library, BUETCentral Library, BUET2015-03-0912 2015-03-09 Circulation section39158    2015-03-09532_560000000000000_HIN_1975532.56/HIN/1975General Book
 Central Library, BUETCentral Library, BUET2015-06-0713 2015-06-07 Reading section58968    2015-06-07532_560000000000000_HIN_1975532.56/HIN/1975Reading Item
 Central Library, BUETCentral Library, BUET2015-06-0714 2015-06-07 Reading section60653    2015-06-07532_560000000000000_HIN_1975532.56/HIN/1975Reading Item
 Central Library, BUETCentral Library, BUET2015-06-2315 2015-06-23 Reading section52729    2015-06-23532_560000000000000_HIN_1975532.56/HIN/1975Reading Item
1Central Library, BUETCentral Library, BUET1985-06-2916 2024-11-27 Circulation section63811   2024-11-272024-11-16532_560000000000000_HIN_1975532.56 HIN/1975General Book
 Central Library, BUETCentral Library, BUET2024-11-16  2024-11-16       2024-11-16532_560000000000000_HIN_1975532.56 HIN/1975General Book
 Central Library, BUETCentral Library, BUET2025-09-0318 2024-11-16 Circulation section39159    2024-11-16532_560000000000000_HIN_1975532.56 HIN/1975General Book